Les dates les plus importantes - Statistiques

Statistiques générales
  • Ce quiz a été pris 220 fois
  • Le résultat moyen est 13 sur 37
Statistiques - réponses
Ce qu'il s'est passée Dates % Correct
Sacre de Charlemagne 800
83%
Victoire des Romains a Alésia face a la Gaule -52
62%
Invention de l'écriture -3000
58%
Naissance des pharaons -3000
58%
Fin de l'Empire Byzantin 1453
57%
Fin de la guerre de Cent ans 1453
57%
Chute de l'Empire Romain 476
57%
Constantinople est désormais la Capitale des Byzantins 476
57%
Début de la guerre de cent ans 1337
46%
Mort de Charlemagne 814
41%
Mort de Jeanne d'Arc 1431
40%
Le dernier roi carolingien Louis V meurt 987
39%
Hugues Capet succède a Louis V 987
39%
Début du calendrier religieux musulman 622
37%
Fin de la reconquista catholique 1492
36%
Bapteme de Clovis 496
36%
Début de l'empire et fin des conquetes romaines -27
32%
Fondation de Romes -753
32%
Appel a la croisade par le pape Urbain II 1095
31%
Naissance de Jeanne D'Arc 1412
31%
Début de l'epidémie de la peste noire en Europe 1347
30%
Mort de Mahomet 632
29%
Prise de Jérusalem par les croisés 1099
28%
Incendie de Rome 64
28%
Partage de l'empire de Verdun 843
28%
Début du néolithique -8000
25%
Pépin le Bref devient roi des francs 751
24%
Premiers Jeux Olympiques -776
24%
Fin de la peste noire 1350
22%
Installation des Grecs en Grèce -2000
22%
Charles IV meurt. Philippe VI devient roi et établit la dynastie des Valois 1328
20%
Fondation de la République Romaine -509
20%
Début de l'expédition d'Alexandre Le Grand -334
19%
Partage de L'Empire romain D'Orient et Romains D'Occident 395
15%
Naissance du royaume d'Israel -1010
6%
Developpement de l'art Roman 1090
4%
Début de la Conquete Romaine -168
4%
Aucun quiz correspondant
Distribution des résultats
% des personnes avec chaque résultat
Percentile par nombre de réponses
Votre historique - résultats
Vous n’avez pas pris ce quiz